|
|
|
|
| LEADER |
00000nam0a2200000 4500 |
| 001 |
43424 |
| 005 |
20231031020300.0 |
| 010 |
|
|
|a 503001215X
|
| 035 |
|
|
|a (RuTPU)RU\TPU\book\44906
|
| 090 |
|
|
|a 43424
|
| 100 |
|
|
|a 20021009d1988 k y0rusy50 ca
|
| 101 |
1 |
|
|a rus
|c eng
|
| 102 |
|
|
|a RU
|
| 105 |
|
|
|a a z 001zy
|
| 200 |
1 |
|
|a Численные методы в задачах теплообмена
|e пер. с англ.
|f Д. Ши
|
| 210 |
|
|
|a Москва
|c Мир
|d 1988
|
| 215 |
|
|
|a 544 с.
|c ил.
|
| 320 |
|
|
|a Библиогр. конце глав.
|
| 610 |
1 |
|
|a теплофизика
|
| 610 |
1 |
|
|a теплообмен
|
| 610 |
1 |
|
|a численные методы
|
| 610 |
1 |
|
|a теплопроводность
|
| 610 |
1 |
|
|a конвекция
|
| 610 |
1 |
|
|a ламинарный пограничный слой
|
| 610 |
1 |
|
|a перенос
|
| 610 |
1 |
|
|a перенос энергии
|
| 610 |
1 |
|
|a излучение
|
| 610 |
1 |
|
|a турбулентность
|
| 610 |
1 |
|
|a горение
|
| 675 |
|
|
|a 536.24:51
|v 3
|
| 700 |
|
1 |
|a Ши
|b Д.
|g Дяньмо
|
| 801 |
|
1 |
|a RU
|b 63413507
|c 20021009
|g PSBO
|
| 801 |
|
2 |
|a RU
|b 63413507
|c 20150518
|g PSBO
|
| 942 |
|
|
|c BK
|